| 000 | 00000nam 2200000za 4500 |
| 001 | 9.832436 |
| 003 | CaOODSP |
| 005 | 20240624082347 |
| 007 | cr ||||||||||| |
| 008 | 170215s1986 onc #ob f000 0 fre d |
| 020 | |z0-660-91533-2 |
| 040 | |aCaOODSP|bfre |
| 043 | |an-cn--- |
| 086 | 1 |aZ1-1983/1-41-40F-PDF|zZ1-1983/1-41-40F |
| 245 | 04|aLes dimensions politiques de la politique économique |h[ressource électronique] / |cG. Bruce Doern, coordonnateur de la recherche. |
| 260 | |aOttawa : |bCommission royale sur l'union économique et les perspectives de développement du Canada, |cc1986. |
| 300 | |axv, 357, [5] p. |
| 490 | 1 |aÉtudes, |x0827-1011 ; |v40 |
| 500 | |aÉdition numérisée de l’imprimé par Bureau du Conseil privé. |
| 500 | |aPublié aussi en anglais sous le titre: The politics of economic policy. |
| 504 | |aComprend des réf. bibliogr. |
| 520 | |a« Ce volume a deux objectifs. D'abord, il s'agit de rassembler quatre études portant sur quatre aspects importants de la politique économique, soit : la macro-politique et les déficits, les ressources, la politique de sécurité du revenu et celle à l'égard du marché du travail. Deuxièmement, il sert de véhicule, grâce au survol du coordonnateur de la recherche, à l'examen des conclusions de trois autres documents importants (volumes 41, 42 et 43 du programme de recherche de la Commission). Ceux-ci portent davantage sur des questions qui dépassent le cadre des politiques, mais qui sont néanmoins vitales pour mieux comprendre les dimensions politiques et la dynamique de la politique économique au Canada. Ces trois autres volumes traitent des revenus et des budgets des gouvernements fédéral et provinciaux, de réglementation économique dans un cadre fédéral et de l'évolution de la bureaucratie des services publics en tant qu'organisme politique. » -- Préface. |
| 692 | 07|2gccst|aCommission d'enquête |
| 692 | 07|2gccst|aVie politique |
| 692 | 07|2gccst|aPolitique économique |
| 700 | 1 |aDoern, G. Bruce,|d1942- |
| 710 | 1 |aCanada. |bBureau du Conseil privé. |
| 710 | 2 |aCommission royale sur l'union économique et les perspectives de développement du Canada. |
| 775 | 08|tThe politics of economic policy |w(CaOODSP)9.832431 |
| 830 | #0|aÉtudes (Commission royale sur l'union économique et les perspectives de développement du Canada)|x0827-1011 ; |v40.|w(CaOODSP)9.831434 |
| 856 | 40|qPDF|s156.70 Mo|uhttps://publications.gc.ca/collections/collection_2017/bcp-pco/Z1-1983-1-41-40-fra.pdf |